000 00591nam a2200193 i 4500
001 3646
003 ES-MaACL
005 20250823100549.0
008 200204s1967 sp |||| | spa d
100 1 _aPablo, Luis de,
_d1930-
_988085
245 1 0 _aLo que sabemos de música /
_cLuis de Pablo.
260 _aMadrid :
_bGregorio del Toro,
_c[1967]
300 _a98 p. :
_bil. ;
_c20 cm.
490 1 _aColección "Lo Que Sabemos"
650 4 _aMúsica-
_vHistoria
_915391
830 0 _aColección "Lo Que Sabemos"
_9176877
852 _aES-MaACL
_jP-1335-2
999 _c3646
_d3646